Богач, бедняк. Нищий, вор (Запис № 364955)

МАРК-запис
000 -LEADER
fixed length control field 00702nam a22002417a 4500
001 - CONTROL NUMBER
control field 78640
003 - CONTROL NUMBER IDENTIFIER
control field UA-OsUOA
005 - DATE AND TIME OF LATEST TRANSACTION
control field 20210504182236.0
007 - PHYSICAL DESCRIPTION FIXED FIELD--GENERAL INFORMATION
fixed length control field ta
008 - FIXED-LENGTH DATA ELEMENTS--GENERAL INFORMATION
fixed length control field 20111018b un ||||| |||| 00| 0 ukr d
040 ## - CATALOGING SOURCE
Original cataloging agency UA-OsUOA
Language of cataloging ukr
Transcribing agency UA-OsUOA
Modifying agency UA-OsUOA
041 ## - LANGUAGE CODE
Language code of text/sound track or separate title ukr
080 ## - UNIVERSAL DECIMAL CLASSIFICATION NUMBER
Universal Decimal Classification number 821.161.1(410)
090 ## - LOCALLY ASSIGNED LC-TYPE CALL NUMBER (OCLC); LOCAL CALL NUMBER (OCLC)
Classification number (OCLC) (R) ; Classification number, CALL (RLIN) (NR) 821.161.1(410)
Local cutter number (OCLC) ; Book number/undivided call number, CALL (RLIN) Ш81
100 ## - MAIN ENTRY--PERSONAL NAME
Personal name Шоу И.
245 ## - TITLE STATEMENT
Title Богач, бедняк. Нищий, вор
Remainder of title романы
260 ## - PUBLICATION, DISTRIBUTION, ETC. (IMPRINT)
Place of publication, distribution, etc М.
Name of publisher, distributor, etc Радуга
Date of publication, distribution, etc 1986
300 ## - PHYSICAL DESCRIPTION
Extent 784 с.
650 #7 - SUBJECT ADDED ENTRY--TOPICAL TERM
Topical term or geographic name as entry element 82 Література. Літературознавство
Source of heading or term UDC
942 ## - ADDED ENTRY ELEMENTS (KOHA)
Koha item type Книги
Source of classification or shelving scheme Universal Decimal Classification
955 ## - COPY-LEVEL INFORMATION (RLIN)
Classification number, CCAL (RLIN) Літературно-художні видання
Фонди
Withdrawn status Lost status Source of classification or shelving scheme Damaged status Not for loan Collection code Home library Current library Date acquired Source of acquisition Cost, normal purchase price Inventory number Total Checkouts Full call number Barcode Date last seen Price effective from Koha item type
    Universal Decimal Classification     Колекція Кушніра М.П. АБ - Абонемент НБ АБ - Абонемент НБ 18/10/2011 123/2011 22.00 134670   821.161.1(410) Ш81 134670 06/02/2022 18/10/2011 Книги
    Universal Decimal Classification     Колекція Василишина Р.Д. АБ - Абонемент НБ АБ - Абонемент НБ 25/10/2011 125/2011 15.00 134915   821.161.1(410) Ш81 134915 29/09/2021 25/10/2011 Книги